[Event "CAN-op U2200"]
[Site "Sault Ste Marie CAN"]
[Date "2017.07.15"]
[Round "8"]
[White "Ehab, Mohamed"]
[Black "Li, Eric M"]
[Result "0-1"]
[WhiteElo "2057"]
[BlackElo "1992"]
[WhiteFideId "-1"]
[WhiteFideId "-1"]
[PlyCount "91"]
[GameId "2160767908344339"]
[EventDate "2017.07.08"]
[EventType "swiss"]
[EventRounds "9"]
[EventCountry "CAN"]
[SourceTitle "EXT 2022"]
[Source "ChessBase"]
[SourceDate "2021.10.06"]
[SourceVersion "1"]
[SourceVersionDate "2021.10.06"]
[SourceQuality "1"]

1. e4 c5 2. Ne2 Nc6 3. g3 Nf6 4. Bg2 e6 5. d4 cxd4 6. Nxd4 Be7 7. O-O O-O 8. c4 a6 9. Nc3 Qc7 10. Nxc6 dxc6 11. Be3 Nd7 12. f4 b5 13. Rc1 b4 14. Na4 c5 15. Qe2 Nb6 16. Nxb6 Qxb6 17. Rcd1 Ra7 18. e5 Rd8 19. Rxd8+ Bxd8 20. Rd1 Be7 21. Be4 g6 22. h4 Rd7 23. Rxd7 Bxd7 24. Qf3 Kg7 25. h5 Bf8 26. g4 Qa5 27. hxg6 fxg6 28. f5 exf5 29. gxf5 Qxa2 30. e6 Qa1+ 31. Kg2 Qxb2+ 32. Kg1 Qa1+ 33. Kg2 Qb2+ 34. Kg1 Qa1+ 35. Kg2 Qb2+ 36. Kh3 Bc8 37. f6+ Kh8 38. Bd5 Qe5 39. Bf4 Bxe6+ 40. Kg3 Qf5 41. Bxe6 Qxe6 42. Qa8 Qxf6 43. Qd5 Bg7 44. Qxc5 Qc3+ 45. Kg4 h5+ 46. Kh4 0-1

[Event "CAN-op U2200"]
[Site "Sault Ste Marie CAN"]
[Date "2017.07.15"]
[Round "8"]
[White "Ellis, James"]
[Black "Kuryliw, Ray"]
[Result "1-0"]
[WhiteElo "1853"]
[BlackElo "1838"]
[WhiteFideId "-1"]
[WhiteFideId "-1"]
[PlyCount "47"]
[GameId "2160767908344340"]
[EventDate "2017.07.08"]
[EventType "swiss"]
[EventRounds "9"]
[EventCountry "CAN"]
[SourceTitle "EXT 2022"]
[Source "ChessBase"]
[SourceDate "2021.10.06"]
[SourceVersion "1"]
[SourceVersionDate "2021.10.06"]
[SourceQuality "1"]

1. d4 Nf6 2. c4 c5 3. d5 b5 4. cxb5 a6 5. bxa6 Bxa6 6. Nc3 g6 7. e4 Bxf1 8. Kxf1 d6 9. Nf3 Bg7 10. g3 O-O 11. Kg2 Nbd7 12. a4 Ng4 13. Qc2 Nge5 14. Nxe5 Nxe5 15. f4 Nd7 16. Bd2 Nb8 17. Nb5 Na6 18. Bc3 Nc7 19. Bxg7 Kxg7 20. Nxc7 Qxc7 21. b4 Rfc8 22. Rhc1 Qb7 23. b5 Ra5 24. Qc3+ 1-0

[Event "CAN-op U2200"]
[Site "Sault Ste Marie CAN"]
[Date "2017.07.15"]
[Round "8"]
[White "Groot-Lipman, Jeff"]
[Black "Kuttner, Simon"]
[Result "0-1"]
[WhiteElo "1909"]
[BlackElo "2040"]
[WhiteFideId "-1"]
[WhiteFideId "-1"]
[PlyCount "144"]
[GameId "2160767908344341"]
[EventDate "2017.07.08"]
[EventType "swiss"]
[EventRounds "9"]
[EventCountry "CAN"]
[SourceTitle "EXT 2022"]
[Source "ChessBase"]
[SourceDate "2021.10.06"]
[SourceVersion "1"]
[SourceVersionDate "2021.10.06"]
[SourceQuality "1"]

1. e4 c5 2. Nf3 Nc6 3. d4 cxd4 4. Nxd4 g6 5. c4 Bg7 6. Be3 Nf6 7. Nc3 O-O 8. Be2 d6 9. O-O Nxd4 10. Bxd4 Bd7 11. f3 Bc6 12. Qd2 Nd7 13. Bxg7 Kxg7 14. Rad1 a5 15. f4 Nc5 16. f5 Qb6 17. Kh1 Nxe4 18. Nxe4 Bxe4 19. f6+ exf6 20. Qf4 f5 21. Rxd6 Qxb2 22. Rd2 Qc3 23. Rfd1 Rae8 24. Kg1 Bc6 25. Kf2 Qe5 26. Qxe5+ Rxe5 27. Rb1 Rc8 28. g3 Kf8 29. Rb6 Re7 30. Rbb2 Ke8 31. Rb6 Rcc7 32. Rbb2 Rcd7 33. Rdc2 Re5 34. Rc3 Kd8 35. Re3 Rxe3 36. Kxe3 Kc7 37. Rc2 Re7+ 38. Kd4 Re4+ 39. Kd3 Re5 40. Kd4 f6 41. Rb2 b6 42. Bd3 Be4 43. Be2 Kc6 44. Rd2 Re7 45. Rb2 Rd7+ 46. Ke3 Re7 47. Kd4 Re5 48. Rd2 Rc5 49. Rb2 Kc7 50. Rd2 Bc6 51. Rb2 Re5 52. Bd3 Re8 53. Kc3 h5 54. Kd2 Be4 55. Be2 Bc6 56. Bd3 Rh8 57. h4 Re8 58. Be2 Re5 59. Bd3 Bf3 60. Bf1 g5 61. Rb3 Bg4 62. Bd3 gxh4 63. gxh4 f4 64. Rb1 f3 65. Rf1 Kc6 66. a4 f5 67. Rf2 Kc5 68. Rf1 f4 69. Rf2 Kb4 70. Rf1 Re3 71. Rb1+ Kc5 72. Kc3 Rxd3+ 0-1

[Event "CAN-op U2200"]
[Site "Sault Ste Marie CAN"]
[Date "2017.07.15"]
[Round "8"]
[White "Javidfard, Amirsalar"]
[Black "Kiviaho, Robert"]
[Result "1-0"]
[WhiteElo "1958"]
[BlackElo "2191"]
[WhiteFideId "-1"]
[WhiteFideId "-1"]
[PlyCount "84"]
[GameId "2160767908344342"]
[EventDate "2017.07.08"]
[EventType "swiss"]
[EventRounds "9"]
[EventCountry "CAN"]
[SourceTitle "EXT 2022"]
[Source "ChessBase"]
[SourceDate "2021.10.06"]
[SourceVersion "1"]
[SourceVersionDate "2021.10.06"]
[SourceQuality "1"]

1. d4 Nf6 2. c4 g6 3. Nc3 d5 4. cxd5 Nxd5 5. e4 Nxc3 6. bxc3 Bg7 7. Bc4 c5 8. Ne2 O-O 9. O-O Nc6 10. Be3 Bg4 11. f3 cxd4 12. cxd4 Na5 13. Bd3 Be6 14. Qa4 Bd7 15. Qa3 b5 16. Rac1 a6 17. Kh1 h5 18. d5 e6 19. Qd6 Nc4 20. Bxc4 bxc4 21. Bb6 Qc8 22. Nd4 exd5 23. Qxd5 Bb5 24. e5 Qd7 25. Qe4 Rac8 26. Rfd1 Qe7 27. f4 g5 28. Nf5 Qe8 29. Rd6 c3 30. Nxg7 Kxg7 31. Qf5 Qe7 32. Rf6 Rg8 33. Qxg5+ Kf8 34. Qh6+ Ke8 35. e6 Bc4 36. Rxc3 fxe6 37. Rxc4 Rxc4 38. Rxe6 Rc1+ 39. Bg1 Kd7 40. Rxe7+ Kxe7 41. f5 Rf1 42. Qe6+ Kd8 1-0

[Event "CAN-op U2200"]
[Site "Sault Ste Marie CAN"]
[Date "2017.07.15"]
[Round "8"]
[White "Konovalenko, Sasha"]
[Black "Chernik, Dmitry"]
[Result "1-0"]
[WhiteElo "1982"]
[BlackElo "2041"]
[WhiteFideId "-1"]
[WhiteFideId "-1"]
[PlyCount "117"]
[GameId "2160767908344343"]
[EventDate "2017.07.08"]
[EventType "swiss"]
[EventRounds "9"]
[EventCountry "CAN"]
[SourceTitle "EXT 2022"]
[Source "ChessBase"]
[SourceDate "2021.10.06"]
[SourceVersion "1"]
[SourceVersionDate "2021.10.06"]
[SourceQuality "1"]

1. d4 d6 2. e4 Nf6 3. Nc3 e5 4. Nf3 Nbd7 5. Bc4 Be7 6. O-O O-O 7. Re1 c6 8. a4 a5 9. h3 Re8 10. Ba2 Qc7 11. Be3 Nf8 12. Ng5 Ne6 13. Nxe6 Bxe6 14. d5 Bd7 15. Qd3 c5 16. Bc4 b6 17. Bb5 h6 18. Bd2 Nh7 19. Bxd7 Qxd7 20. Nb5 Rf8 21. f4 Bf6 22. f5 Rac8 23. c4 Rcd8 24. Ra3 Qe7 25. Rf1 Bg5 26. Be1 h5 27. Qe2 h4 28. Kh1 Rd7 29. Qg4 Qf6 30. Nc3 Qh6 31. Ne2 Nf6 32. Qf3 Nh5 33. Ng1 g6 34. fxg6 Nf4 35. Qg4 Rdd8 36. Nf3 f6 37. Bxh4 Nxg6 38. Bxg5 fxg5 39. Raa1 Rf4 40. Qxg5 Qxg5 41. Nxg5 Rdf8 42. Kg1 Rxf1+ 43. Rxf1 Rxf1+ 44. Kxf1 Nf4 45. Nf3 Kg7 46. Ne1 Kf6 47. Kf2 Kg5 48. Kf3 Kh5 49. h4 Ng6 50. g3 Nf8 51. Nc2 Nd7 52. Ne3 Kg6 53. Nf5 b5 54. axb5 Nb6 55. Nxd6 a4 56. g4 Kf6 57. Ke3 Ke7 58. Nf5+ Kf6 59. Kd3 1-0

[Event "CAN-op U2200"]
[Site "Sault Ste Marie CAN"]
[Date "2017.07.15"]
[Round "8"]
[White "Rowlinson, Terry"]
[Black "Lambruschini, Alex"]
[Result "1-0"]
[WhiteElo "1837"]
[BlackElo "1837"]
[WhiteFideId "-1"]
[WhiteFideId "-1"]
[PlyCount "64"]
[GameId "2160767908344344"]
[EventDate "2017.07.08"]
[EventType "swiss"]
[EventRounds "9"]
[EventCountry "CAN"]
[SourceTitle "EXT 2022"]
[Source "ChessBase"]
[SourceDate "2021.10.06"]
[SourceVersion "1"]
[SourceVersionDate "2021.10.06"]
[SourceQuality "1"]

1. d4 d5 2. Nf3 Nf6 3. e3 e6 4. Bd3 Be7 5. O-O O-O 6. Nbd2 Nbd7 7. b3 b6 8. Bb2 Bb7 9. Qe2 c6 10. e4 dxe4 11. Nxe4 Nxe4 12. Bxe4 Nf6 13. Bd3 Qc7 14. Ne5 Rad8 15. f4 Rfe8 16. g4 Bd6 17. g5 Nd7 18. Bxh7+ Kf8 19. Qh5 Nb8 20. Be4 Bxe5 21. fxe5 c5 22. Qh8+ Ke7 23. Qxg7 Rf8 24. Bxb7 Qxb7 25. g6 Ke8 26. gxf7+ Kd7 27. dxc5 Kc8 28. cxb6 Qxb6+ 29. Kh1 Qe3 30. Qg3 Qe4+ 31. Qf3 Qh7 32. Ba3 Rd2 1-0

[Event "CAN-op U2200"]
[Site "Sault Ste Marie CAN"]
[Date "2017.07.15"]
[Round "8"]
[White "Villeneuve, Robert"]
[Black "Saine, Zachary"]
[Result "0-1"]
[WhiteElo "1865"]
[BlackElo "1966"]
[WhiteFideId "-1"]
[WhiteFideId "-1"]
[PlyCount "100"]
[GameId "2160767908344345"]
[EventDate "2017.07.08"]
[EventType "swiss"]
[EventRounds "9"]
[EventCountry "CAN"]
[SourceTitle "EXT 2022"]
[Source "ChessBase"]
[SourceDate "2021.10.06"]
[SourceVersion "1"]
[SourceVersionDate "2021.10.06"]
[SourceQuality "1"]

1. e4 e5 2. Nc3 Nf6 3. Bc4 Nc6 4. d3 d6 5. f4 Bg4 6. Nf3 Nd4 7. fxe5 Bxf3 8. gxf3 dxe5 9. O-O c6 10. Ne2 Nxe2+ 11. Qxe2 Bc5+ 12. Kh1 Qc7 13. f4 Bd6 14. fxe5 Bxe5 15. c3 c5 16. d4 cxd4 17. cxd4 Bxd4 18. e5 Qc6+ 19. Rf3 O-O-O 20. exf6 Rhe8 21. Bb5 Rxe2 22. Bxc6 bxc6 23. fxg7 Re1+ 24. Kg2 Rg1+ 25. Kh3 Bxg7 26. Rxf7 Bh6 27. Bxh6 Rxa1 28. Rxa7 Rd7 29. Ra3 Rb1 30. Bf4 Rb7 31. b3 Kd7 32. Ra5 Re1 33. b4 Re4 34. Bd2 Rd4 35. Be1 Rd1 36. Re5 Rb5 37. Re3 Rbd5 38. Kg2 Rd6 39. a4 Re6 40. Rxe6 Kxe6 41. Kf2 Ra1 42. a5 Ra3 43. Bd2 Rb3 44. Ke2 Kd5 45. Kd1 Kc4 46. Kc2 Rd3 47. Be1 Rf3 48. Kb2 Re3 49. Bd2 Re2 50. Kc2 Kb5 0-1

[Event "CAN-op U2200"]
[Site "Sault Ste Marie CAN"]
[Date "2017.07.15"]
[Round "8"]
[White "Wang, Jeff"]
[Black "Shah, Omar"]
[Result "1-0"]
[WhiteElo "1939"]
[BlackElo "1879"]
[WhiteFideId "-1"]
[WhiteFideId "-1"]
[PlyCount "173"]
[GameId "2160767908344346"]
[EventDate "2017.07.08"]
[EventType "swiss"]
[EventRounds "9"]
[EventCountry "CAN"]
[SourceTitle "EXT 2022"]
[Source "ChessBase"]
[SourceDate "2021.10.06"]
[SourceVersion "1"]
[SourceVersionDate "2021.10.06"]
[SourceQuality "1"]

1. d4 Nf6 2. c4 c5 3. Nf3 cxd4 4. Nxd4 a6 5. g3 e6 6. Bg2 Be7 7. O-O Qc7 8. b3 Nc6 9. Bb2 O-O 10. Nc3 d6 11. Rc1 Bd7 12. e3 Rfe8 13. Qe2 Bf8 14. Rfd1 Rac8 15. h3 b6 16. Nxc6 Bxc6 17. Nd5 Nxd5 18. cxd5 exd5 19. Bxd5 Qb7 20. Bxc6 Rxc6 21. Rxc6 Qxc6 22. Rc1 Qb7 23. Qc4 b5 24. Qc6 Qa8 25. Qxa8 Rxa8 26. Ba3 a5 27. Rd1 b4 28. Bb2 a4 29. bxa4 Rxa4 30. Ra1 g6 31. Kf1 Bg7 32. Bxg7 Kxg7 33. Rb1 Kf6 34. Rb2 Ke5 35. Ke2 Kd5 36. Rc2 Ra3 37. h4 h6 38. Kd2 Ra5 39. Kd3 Rc5 40. e4+ Kc6 41. Rb2 Kb5 42. Kd4 Ka4 43. f4 Rc3 44. Rg2 Kb5 45. e5 dxe5+ 46. Kxe5 Rc6 47. Rb2 Re6+ 48. Kd4 Ka4 49. Rg2 f5 50. Kd3 h5 51. Kd4 Ka3 52. Kd3 Re1 53. Kd4 Ra1 54. Kc4 Rd1 55. Kc5 Ka4 56. Kc4 Ka5 57. Kc5 Rd3 58. Kc4 Re3 59. Kc5 Rc3+ 60. Kd5 Kb5 61. Kd4 Ra3 62. Ke5 Kc4 63. Kf6 Ra6+ 64. Kg5 Kd3 65. Rb2 Kc4 66. Rf2 Kc3 67. Rf3+ Kc2 68. Rb3 Rb6 69. Kh6 Ra6 70. Rxb4 Kd3 71. a4 Ke3 72. a5 Kf2 73. Rb6 Rxa5 74. Rxg6 Kf3 75. Kxh5 Rb5 76. Kh6 Rb7 77. h5 Ra7 78. Rg7 Ra6+ 79. Kh7 Ra8 80. h6 Ra6 81. Rg5 Ke4 82. Kg7 Ra7+ 83. Kg6 Ra6+ 84. Kh5 Ra7 85. Rg7 Ra1 86. h7 Kf3 87. Kg6 1-0

[Event "CAN-op U2200"]
[Site "Sault Ste Marie CAN"]
[Date "2017.07.15"]
[Round "8"]
[White "Wu, Chenxi"]
[Black "Selling, Edward"]
[Result "0-1"]
[WhiteElo "1904"]
[BlackElo "1845"]
[WhiteFideId "-1"]
[WhiteFideId "-1"]
[PlyCount "39"]
[GameId "2160767908344348"]
[EventDate "2017.07.08"]
[EventType "swiss"]
[EventRounds "9"]
[EventCountry "CAN"]
[SourceTitle "EXT 2022"]
[Source "ChessBase"]
[SourceDate "2021.10.06"]
[SourceVersion "1"]
[SourceVersionDate "2021.10.06"]
[SourceQuality "1"]

1. e4 c5 2. Nf3 Nc6 3. d4 cxd4 4. Nxd4 e6 5. g3 Qc7 6. Nxc6 bxc6 7. Bg2 Ba6 8. Bd2 Nf6 9. Nc3 Rb8 10. b3 Ba3 11. Ne2 d5 12. exd5 cxd5 13. O-O O-O 14. Re1 Rbc8 15. c3 Bb2 16. Rb1 Bxe2 17. Qxe2 Bxc3 18. Rec1 d4 19. Rc2 Qa5 20. Bg5 0-1

[Event "CAN-op U2200"]
[Site "Sault Ste Marie CAN"]
[Date "2017.07.15"]
[Round "8"]
[White "Zhao, Ian"]
[Black "Xu, Ruoying"]
[Result "0-1"]
[WhiteElo "1930"]
[BlackElo "2064"]
[WhiteFideId "-1"]
[WhiteFideId "-1"]
[PlyCount "122"]
[GameId "2160767908344349"]
[EventDate "2017.07.08"]
[EventType "swiss"]
[EventRounds "9"]
[EventCountry "CAN"]
[SourceTitle "EXT 2022"]
[Source "ChessBase"]
[SourceDate "2021.10.06"]
[SourceVersion "1"]
[SourceVersionDate "2021.10.06"]
[SourceQuality "1"]

1. e4 e5 2. Nf3 Nc6 3. Bc4 Bc5 4. c3 Nf6 5. d3 d6 6. O-O Bb6 7. h3 h6 8. Nbd2 O-O 9. Re1 Ne7 10. Nf1 Ng6 11. Bb3 c6 12. d4 exd4 13. cxd4 d5 14. e5 Ne4 15. Be3 Ba5 16. N1d2 Nh4 17. Re2 Nxd2 18. Nxd2 Nf5 19. Rc1 Be6 20. Nf3 Rc8 21. Bd2 Re8 22. Bxa5 Qxa5 23. Rec2 Qd8 24. Rc5 Nh4 25. Ba4 Nxf3+ 26. Qxf3 Qg5 27. Rd1 Bf5 28. Bc2 Bxc2 29. Rxc2 Re6 30. Re2 Rce8 31. Qe3 Qxe3 32. Rxe3 g5 33. g3 Kh7 34. Kh2 Kg6 35. Rde1 h5 36. f4 gxf4 37. gxf4 Kf5 38. Rf1 Rg8 39. Rf2 h4 40. b4 Reg6 41. b5 Rg3 42. Ree2 R8g6 43. Rb2 Rd3 44. bxc6 bxc6 45. Rb7 Rgg3 46. Rxf7+ Ke4 47. e6 Rxh3+ 48. Kg2 Rdg3+ 49. Kf1 Ke3 50. Re2+ Kd3 51. Re5 Rh1+ 52. Kf2 Rh2+ 53. Kf1 h3 54. Rg5 Rf3+ 55. Kg1 Re2 56. Rh7 Rxe6 57. f5 Re1+ 58. Kh2 Re2+ 59. Kg1 Rxa2 60. Rh4 Re3 61. Kf1 h2 0-1

[Event "CAN-op U2200"]
[Site "Sault Ste Marie CAN"]
[Date "2017.07.16"]
[Round "9"]
[White "Chernik, Dmitry"]
[Black "Botez, Andrea"]
[Result "0-1"]
[WhiteElo "2041"]
[BlackElo "1887"]
[WhiteFideId "-1"]
[WhiteFideId "-1"]
[PlyCount "62"]
[GameId "2160767908344350"]
[EventDate "2017.07.08"]
[EventType "swiss"]
[EventRounds "9"]
[EventCountry "CAN"]
[SourceTitle "EXT 2022"]
[Source "ChessBase"]
[SourceDate "2021.10.06"]
[SourceVersion "1"]
[SourceVersionDate "2021.10.06"]
[SourceQuality "1"]

1. e4 g6 2. d4 d6 3. Nf3 Bg7 4. Nc3 a6 5. a4 Nf6 6. h3 O-O 7. Be3 e5 8. dxe5 dxe5 9. Bc4 Nbd7 10. Qd2 b6 11. Bd5 Rb8 12. Bg5 Qe7 13. O-O Nc5 14. Rad1 Bd7 15. Rfe1 Rfd8 16. Qe2 h6 17. Bxf6 Bxf6 18. Bc4 Nxa4 19. Nd5 Qd6 20. b3 Nb2 21. Rd2 b5 22. Nxf6+ Qxf6 23. Bd5 c6 24. Rb1 cxd5 25. Rxd5 Bc6 26. Rxd8+ Rxd8 27. Rxb2 Qf4 28. Ra2 Qc1+ 29. Kh2 Rd1 30. g3 Rh1+ 31. Kg2 Bxe4 0-1

[Event "CAN-op U2200"]
[Site "Sault Ste Marie CAN"]
[Date "2017.07.16"]
[Round "9"]
[White "Gaisinsky, Adam"]
[Black "Zhao, Ian"]
[Result "0-1"]
[WhiteElo "2056"]
[BlackElo "1930"]
[WhiteFideId "-1"]
[WhiteFideId "-1"]
[PlyCount "108"]
[GameId "2160767908344351"]
[EventDate "2017.07.08"]
[EventType "swiss"]
[EventRounds "9"]
[EventCountry "CAN"]
[SourceTitle "EXT 2022"]
[Source "ChessBase"]
[SourceDate "2021.10.06"]
[SourceVersion "1"]
[SourceVersionDate "2021.10.06"]
[SourceQuality "1"]

1. e4 e5 2. Nf3 Nc6 3. Bb5 a6 4. Ba4 Nf6 5. O-O Be7 6. Re1 b5 7. Bb3 d6 8. c3 O-O 9. h3 Nb8 10. d4 Nbd7 11. Nbd2 Bb7 12. Bc2 Re8 13. Nf1 Bf8 14. Ng3 g6 15. Nh2 Bg7 16. f4 c5 17. Nf3 Qc7 18. Kh1 Rad8 19. Re2 cxd4 20. cxd4 exd4 21. Nxd4 Nc5 22. Qe1 Qe7 23. e5 dxe5 24. Rxe5 Qd6 25. Nb3 Ncd7 26. Re3 Qc6 27. Qf2 Qc7 28. Rxe8+ Rxe8 29. Bd3 Qd6 30. Be2 Ne4 31. Nxe4 Bxe4 32. Bd2 Bxb2 33. Re1 Bd5 34. Be3 Bxb3 35. axb3 Bg7 36. Bf3 Nf6 37. Rd1 Qe6 38. Rd3 Ne4 39. Qe1 Nc5 40. Rd5 Nxb3 41. Rd3 Nc5 42. Rd5 Qxe3 43. Qxe3 Rxe3 44. Rxc5 Bh6 45. f5 Bf4 46. Kg1 Bg3 47. Rc1 gxf5 48. Kf1 a5 49. Be2 Rb3 50. Ra1 a4 51. Bf3 a3 52. Ke2 Be5 53. Bd5 Rb2+ 54. Kf1 Rd2 0-1

[Event "CAN-op U2200"]
[Site "Sault Ste Marie CAN"]
[Date "2017.07.16"]
[Round "9"]
[White "Kiviaho, Robert"]
[Black "Konovalenko, Sasha"]
[Result "0-1"]
[WhiteElo "2191"]
[BlackElo "1982"]
[WhiteFideId "-1"]
[WhiteFideId "-1"]
[PlyCount "76"]
[GameId "2160767908344353"]
[EventDate "2017.07.08"]
[EventType "swiss"]
[EventRounds "9"]
[EventCountry "CAN"]
[SourceTitle "EXT 2022"]
[Source "ChessBase"]
[SourceDate "2021.10.06"]
[SourceVersion "1"]
[SourceVersionDate "2021.10.06"]
[SourceQuality "1"]

1. e4 d5 2. exd5 Qxd5 3. d4 e5 4. dxe5 Qxd1+ 5. Kxd1 Nc6 6. Nf3 Bg4 7. Bb5 O-O-O+ 8. Ke1 Bxf3 9. gxf3 Nd4 10. Ba4 Nxf3+ 11. Ke2 Nxe5 12. Nc3 Ne7 13. f4 N5c6 14. Ne4 f6 15. c3 a6 16. Bd2 Nf5 17. Rhg1 Be7 18. Bb3 Kb8 19. Bc2 g6 20. b4 Rhe8 21. Rg2 Bxb4 22. Kf1 Be7 23. Re1 Nd6 24. Bc1 Nxe4 25. Rxe4 f5 26. Re6 Bf8 27. Rge2 Rxe6 28. Rxe6 Bg7 29. Re3 Bf6 30. Ke1 Ne7 31. Rh3 h5 32. Bd2 Nd5 33. Rd3 c6 34. Kd1 Nxc3+ 35. Kc1 Rxd3 36. Bxd3 Nd5 37. Kd1 b5 38. Kc1 Bc3 0-1

[Event "CAN-op U2200"]
[Site "Sault Ste Marie CAN"]
[Date "2017.07.16"]
[Round "9"]
[White "Lambruschini, Alex"]
[Black "Kuryliw, Ray"]
[Result "1-0"]
[WhiteElo "1837"]
[BlackElo "1838"]
[WhiteFideId "-1"]
[WhiteFideId "-1"]
[PlyCount "161"]
[GameId "2160767908344354"]
[EventDate "2017.07.08"]
[EventType "swiss"]
[EventRounds "9"]
[EventCountry "CAN"]
[SourceTitle "EXT 2022"]
[Source "ChessBase"]
[SourceDate "2021.10.06"]
[SourceVersion "1"]
[SourceVersionDate "2021.10.06"]
[SourceQuality "1"]

1. d4 Nf6 2. c4 c5 3. d5 b5 4. cxb5 a6 5. bxa6 Bxa6 6. Nc3 g6 7. g3 d6 8. Bh3 Bg7 9. Nf3 O-O 10. O-O Nbd7 11. Re1 Nb6 12. e4 Nfd7 13. Rb1 Qc7 14. Qc2 Nc4 15. b3 Nce5 16. Nxe5 Nxe5 17. Re3 Rfb8 18. f4 Nd7 19. Ne2 Ra7 20. Bb2 Bxe2 21. Bxg7 Kxg7 22. Qxe2 Rba8 23. a4 Nb8 24. e5 Na6 25. exd6 Qxd6 26. Re1 Re8 27. Qb2+ Kg8 28. Qe5 Rb8 29. Qxd6 exd6 30. Re8+ Kg7 31. Rxb8 Nxb8 32. Re8 Rb7 33. Rd8 Rxb3 34. Rxd6 c4 35. Kf2 Rb2+ 36. Ke1 Rxh2 37. Bc8 Rb2 38. a5 Rb3 39. Rb6 Rxb6 40. axb6 Kf8 41. Kd2 Ke7 42. Kc3 Kd8 43. b7 Kc7 44. Kxc4 f6 45. g4 h5 46. gxh5 gxh5 47. Kd4 h4 48. Ke4 h3 49. Kf3 h2 50. Kg2 Kd6 51. Kxh2 Kxd5 52. Kg3 Kd6 53. Kg4 Ke7 54. Kf5 Nc6 55. Kg6 Nb8 56. Kg7 Nc6 57. Bg4 Nb8 58. Be2 Ke6 59. Bb5 f5 60. Kg6 Kd6 61. Kxf5 Kc7 62. Ke6 Kxb7 63. f5 Kb6 64. f6 Kxb5 65. f7 Nc6 66. f8=Q Nb4 67. Qd6 Kc4 68. Ke5 Nd3+ 69. Ke4 Nc5+ 70. Ke3 Nb3 71. Qa6+ Kb4 72. Qc6 Nc5 73. Kd4 Nb3+ 74. Kd5 Ka3 75. Qc3 Ka4 76. Kc4 Na5+ 77. Kc5 Nb3+ 78. Kc4 Ka3 79. Kb5 Ka2 80. Kb4 Kb1 81. Qxb3+ 1-0

[Event "CAN-op U2200"]
[Site "Sault Ste Marie CAN"]
[Date "2017.07.16"]
[Round "9"]
[White "Ning, Eric"]
[Black "Ellis, James"]
[Result "1-0"]
[WhiteElo "1922"]
[BlackElo "1853"]
[WhiteFideId "-1"]
[WhiteFideId "-1"]
[PlyCount "51"]
[GameId "2160767908344356"]
[EventDate "2017.07.08"]
[EventType "swiss"]
[EventRounds "9"]
[EventCountry "CAN"]
[SourceTitle "EXT 2022"]
[Source "ChessBase"]
[SourceDate "2021.10.06"]
[SourceVersion "1"]
[SourceVersionDate "2021.10.06"]
[SourceQuality "1"]

1. d4 Nf6 2. c4 g6 3. Nc3 d5 4. cxd5 Nxd5 5. e4 Nxc3 6. bxc3 Bg7 7. Bc4 c5 8. Ne2 Nc6 9. Be3 O-O 10. O-O Bg4 11. f3 Na5 12. Bd3 cxd4 13. cxd4 Be6 14. Qa4 a6 15. Rfc1 b5 16. Qb4 Nc4 17. Bf2 Rb8 18. a4 a5 19. Qe1 Nd6 20. e5 Bc4 21. Bxc4 Nxc4 22. axb5 Rc8 23. Ra4 Qd5 24. Nc3 Qd7 25. Qe2 Qe6 26. d5 1-0

[Event "CAN-op U2200"]
[Site "Sault Ste Marie CAN"]
[Date "2017.07.16"]
[Round "9"]
[White "Saine, Zachary"]
[Black "Aird, Ian"]
[Result "1-0"]
[WhiteElo "1966"]
[BlackElo "1978"]
[WhiteFideId "-1"]
[WhiteFideId "-1"]
[PlyCount "63"]
[GameId "2160767908344358"]
[EventDate "2017.07.08"]
[EventType "swiss"]
[EventRounds "9"]
[EventCountry "CAN"]
[SourceTitle "EXT 2022"]
[Source "ChessBase"]
[SourceDate "2021.10.06"]
[SourceVersion "1"]
[SourceVersionDate "2021.10.06"]
[SourceQuality "1"]

1. e4 e6 2. d4 d5 3. e5 c5 4. c3 Nc6 5. Nf3 Bd7 6. a3 Nge7 7. b4 cxd4 8. cxd4 Nf5 9. Bb2 Qb6 10. g4 Nh6 11. h3 Be7 12. Be2 O-O 13. O-O f6 14. exf6 Rxf6 15. Ne5 Nxe5 16. dxe5 Rff8 17. Bd4 Qc7 18. Qd2 Nf7 19. Qe3 b5 20. Nc3 Qb7 21. f4 a5 22. Rab1 axb4 23. axb4 Ra3 24. f5 Bd8 25. fxe6 Bxe6 26. Ra1 Qa8 27. Rxa3 Qxa3 28. Nxd5 Qa6 29. Nc3 Bd7 30. Bc5 Re8 31. Qf4 Qe6 32. Bxb5 1-0

[Event "CAN-op U2200"]
[Site "Sault Ste Marie CAN"]
[Date "2017.07.16"]
[Round "9"]
[White "Selling, Edward"]
[Black "Piccinin, Mario"]
[Result "0-1"]
[WhiteElo "1845"]
[BlackElo "1826"]
[WhiteFideId "-1"]
[WhiteFideId "-1"]
[PlyCount "56"]
[GameId "2160767908344359"]
[EventDate "2017.07.08"]
[EventType "swiss"]
[EventRounds "9"]
[EventCountry "CAN"]
[SourceTitle "EXT 2022"]
[Source "ChessBase"]
[SourceDate "2021.10.06"]
[SourceVersion "1"]
[SourceVersionDate "2021.10.06"]
[SourceQuality "1"]

1. d4 f5 2. Nf3 Nf6 3. Nbd2 e6 4. e3 b6 5. Bd3 Bb7 6. b3 Bb4 7. Bb2 Bxd2+ 8. Qxd2 Ne4 9. Qe2 O-O 10. h4 a5 11. a3 d6 12. Bc4 Qe7 13. O-O-O d5 14. Bd3 Nd7 15. Bxe4 fxe4 16. Ng5 Nf6 17. f4 h5 18. Rhg1 Ng4 19. Rde1 c6 20. Qd1 Rfc8 21. Kb1 Ba6 22. g3 a4 23. b4 Bc4 24. Rg2 Qd6 25. c3 Bd3+ 26. Ka2 c5 27. Rd2 g6 28. Rxd3 Nf2 0-1

[Event "CAN-op U2200"]
[Site "Sault Ste Marie CAN"]
[Date "2017.07.16"]
[Round "9"]
[White "Shah, Omar"]
[Black "Rowlinson, Terry"]
[Result "1-0"]
[WhiteElo "1879"]
[BlackElo "1837"]
[WhiteFideId "-1"]
[WhiteFideId "-1"]
[PlyCount "57"]
[GameId "2160767908344360"]
[EventDate "2017.07.08"]
[EventType "swiss"]
[EventRounds "9"]
[EventCountry "CAN"]
[SourceTitle "EXT 2022"]
[Source "ChessBase"]
[SourceDate "2021.10.06"]
[SourceVersion "1"]
[SourceVersionDate "2021.10.06"]
[SourceQuality "1"]

1. c4 Nf6 2. e3 b6 3. Nf3 e6 4. Nc3 c5 5. Qc2 Bb7 6. b3 Be7 7. Bb2 O-O 8. O-O-O Qc7 9. d4 cxd4 10. exd4 a6 11. Kb1 Nc6 12. a3 Rad8 13. Ng5 h6 14. h4 d5 15. cxd5 exd5 16. Bd3 Nb8 17. g4 Bc8 18. f3 Bd6 19. Ka2 Bf4 20. Nh3 Rde8 21. g5 Bxh3 22. gxf6 Be6 23. Rdg1 g6 24. Bc1 Nd7 25. Bxg6 Nxf6 26. Qg2 fxg6 27. Qxg6+ Kh8 28. Bxf4 Qxf4 29. Qg7# 1-0

[Event "CAN-op U2200"]
[Site "Sault Ste Marie CAN"]
[Date "2017.07.16"]
[Round "9"]
[White "Wang, Jeff"]
[Black "Villeneuve, Robert"]
[Result "0-1"]
[WhiteElo "1939"]
[BlackElo "1865"]
[WhiteFideId "-1"]
[WhiteFideId "-1"]
[PlyCount "81"]
[GameId "2160767908344361"]
[EventDate "2017.07.08"]
[EventType "swiss"]
[EventRounds "9"]
[EventCountry "CAN"]
[SourceTitle "EXT 2022"]
[Source "ChessBase"]
[SourceDate "2021.10.06"]
[SourceVersion "1"]
[SourceVersionDate "2021.10.06"]
[SourceQuality "1"]

1. d4 d5 2. c4 c6 3. g3 dxc4 4. Bg2 Nf6 5. Nf3 b5 6. a4 Bb7 7. Ne5 Qb6 8. O-O a6 9. b3 cxb3 10. Qxb3 e6 11. Rd1 Nbd7 12. Ba3 Rc8 13. Bxf8 Nxf8 14. Nc3 N8d7 15. Rab1 O-O 16. Nxd7 Nxd7 17. e4 Nf6 18. e5 Nd7 19. Ne4 c5 20. Nd6 c4 21. Nxc8 Rxc8 22. Qb4 Bxg2 23. Kxg2 Qc6+ 24. Kg1 Rb8 25. Qa5 h6 26. Rd2 Qe4 27. Rdd1 Qd5 28. Rb2 Nxe5 29. Rbb1 Nf3+ 30. Kf1 Nxd4 31. Kg1 e5 32. axb5 axb5 33. Ra1 Rc8 34. Qe1 c3 35. Qe3 b4 36. f4 f6 37. Ra7 Nf3+ 38. Kf2 Qxd1 39. Rxg7+ Kxg7 40. Qa7+ Kg8 41. Qa2+ 0-1